Joyas bibliográficas de la Biblioteca Pública del Estado de Jalisco (Record no. 1522)

MARC details
000 -CABECERA
campo de control de longitud fija 01270nam a2200289 a 4500
001 - NÚMERO DE CONTROL
campo de control BRCA_1737
005 - FECHA Y HORA DE LA ÚLTIMA TRANSACCIÓN
campo de control 20190320203528.0
008 - DATOS DE LONGITUD FIJA--INFORMACIÓN GENERAL
campo de control de longitud fija 070221s2005 mx-a---##b---#000-0#spa-c
020 ## - NÚMERO INTERNACIONAL ESTÁNDAR DEL LIBRO
Número Internacional Estándar del Libro 9687669160
040 ## - FUENTE DE LA CATALOGACIÓN
Centro catalogador/agencia de origen IXA
Centro/agencia transcriptor IXA
Centro/agencia modificador EL
050 #4 - SIGNATURA TOPOGRÁFICA DE LA BIBLIOTECA DEL CONGRESO
Número de clasificación Z885.G95
Número de documento/Ítem .J69 2005
245 10 - MENCIÓN DE TÍTULO
Título Joyas bibliográficas de la Biblioteca Pública del Estado de Jalisco
Mención de responsabilidad, etc. coordinadora Carmen Castañeda.
250 ## - MENCIÓN DE EDICIÓN
Mención de edición 2
260 ## - PUBLICACIÓN, DISTRIBUCIÓN, ETC.
Lugar de publicación, distribución, etc. Guadalajara, México
Nombre del editor, distribuidor, etc. Universidad de Guadalajara
Fecha de publicación, distribución, etc. 2005
300 ## - DESCRIPCIÓN FÍSICA
Extensión 141 p.
Otras características físicas il. a color
Dimensiones 30 cm.
500 ## - NOTA GENERAL
Nota general Catálogo de la exposición realizada en el Museo del Periodismo y las Artes Gráficas (México), diciembre 1997
500 ## - NOTA GENERAL
Nota general Incluye índice de autores, índice de lugares de impresión, índice de impresores e imprentas y glosario
500 ## - NOTA GENERAL
Nota general 2do. ejemplar en el Área de Investigación
504 ## - NOTA DE BIBLIOGRAFÍA, ETC.
Nota de bibliografía, etc. Bibliografía : p. 133-135
610 24 - PUNTO DE ACCESO ADICIONAL DE MATERIA--NOMBRE DE ENTIDAD CORPORATIVA
Nombre de entidad corporativa o nombre de jurisdicción como elemento de entrada Biblioteca Pública del Estado de Jalisco (México)
Subdivisión de forma Exposiciones
9 (RLIN) 5421
650 14 - PUNTO DE ACCESO ADICIONAL DE MATERIA--TÉRMINO DE MATERIA
Término de materia o nombre geográfico como elemento de entrada Libros raros
Subdivisión de forma Bibliografía
Subdivisión geográfica México
9 (RLIN) 5422
650 14 - PUNTO DE ACCESO ADICIONAL DE MATERIA--TÉRMINO DE MATERIA
Término de materia o nombre geográfico como elemento de entrada Primeros libros impresos
Subdivisión de forma Bibliografía
Subdivisión geográfica México
9 (RLIN) 5423
651 #4 - PUNTO DE ACCESO ADICIONAL DE MATERIA--NOMBRE GEOGRÁFICO
Nombre geográfico México
Subdivisión de forma Bibliografía
Subdivisión general Imprenta
9 (RLIN) 5424
653 0# - TÉRMINO DE INDIZACIÓN--NO CONTROLADO
Término no controlado Colección Biblioteca Pública del Estado de Jalisco
700 1# - PUNTO DE ACCESO ADICIONAL--NOMBRE DE PERSONA
Nombre de persona Castañeda García, Carmen
9 (RLIN) 5425
942 ## - ELEMENTOS DE PUNTO DE ACCESO ADICIONAL (KOHA)
Fuente del sistema de clasificación o colocación Library of Congress Classification
Tipo de ítem Koha Libros
Holdings
Estado de retiro Estado de pérdida Estado dañado No para préstamo Localización permanente Ubicación/localización actual Fecha de adquisición Total de préstamos Signatura topográfica completa Código de barras Fecha visto por última vez Precio válido a partir de Tipo de ítem Koha Código de colección
El ejemplar forma parte de la colección y puede ser consultado según las políticas vigentes.       Biblioteca del Museo Franz Mayer (Rogerio Casas-Alatriste) Biblioteca del Museo Franz Mayer (Rogerio Casas-Alatriste) 27/06/2008   Z885.G95 .J69 2005 02374 22/03/2019 22/03/2019 Libros  
El ejemplar forma parte de la colección y puede ser consultado según las políticas vigentes.       Biblioteca del Museo Franz Mayer (Rogerio Casas-Alatriste) Biblioteca del Museo Franz Mayer (Rogerio Casas-Alatriste) 02/02/2012   Z885.G95 .J69 2005 02630 22/03/2019 22/03/2019 Libros Acervo General